000 00476nam a2200181Ia 4500
001 12529
003 GE_BSU
008 181216s||||||||xx |||||||||||||| ||und||
040 _cGE_BSU
080 _aპერიოდიკა
245 _aХимия и жизнь-XX век. №9. 2014
245 _cГл.ред.Стельникова Л.Н.
260 _aМосква
260 _c2014
300 _a64стр.28см.
653 _aХимия и жизнь
942 _cCR
999 _c45702
_d45702